000 00666nam a2200217 a 4500
005 20210219152900.0
008 991125n 000 0 eng u
035 _aUPN01000065040
100 _aGarcia, Mildred
222 _aNEW DIRECTIONS FOR INSTITUTIONAL RESEARCH
245 _aAssessing program effectiveness in an institution with a diverse student body
300 _a69-76
362 _a1990 No. 65, 1990
653 0 _aEVALUACION DE PROGRAMAS
653 0 _aEVALUACION DEL ESTUDIANTE
653 0 _aGRUPOS MINORITARIOS
653 0 _aPARTICIPACION DEL ESTUDIANTE
653 0 _aRESULTADOS DE LA EDUCACION
904 _aAC
_b002851
905 _aArticulo
999 _c62889
_d62889